Investičný projekt developerského podniku a jeho vyhodnotenie bakalárska práca

Na minha lista:
Detalhes bibliográficos
Autor principal: Gocník, Matej
Autor Corporativo: Fakulta podnikového manažmentu EU. Katedra podnikovohospodárska
Outros Autores: Uhliar, Miroslav, 1981-
Formato: Livro
Idioma:eslovaco
Publicado em: Bratislava 2023
Tags: Adicionar Tag
Sem tags, seja o primeiro a adicionar uma tag!

MARC

LEADER 00000nbm a2200000 4500
001 0293579
005 20240415144708.9
041 0 |a slo 
044 |a SK 
245 1 0 |a Investičný projekt developerského podniku a jeho vyhodnotenie  |b bakalárska práca  |c Matej Gocník ; školiteľ: Miroslav Uhliar 
264 1 |a Bratislava  |c 2023 
300 |a 61 s. 
100 1 |a Gocník, Matej 
700 1 |a Uhliar, Miroslav, 1981- 
710 2 |a Fakulta podnikového manažmentu EU. Katedra podnikovohospodárska